MARC

LEADER 00000nam0a2200000 4500
001 331542
005 20231102004351.0
035 |a (RuTPU)RU\TPU\book\357383 
090 |a 331542 
100 |a 20170427d1971 km y0rusy50 ca 
101 0 |a rus 
102 |a RU 
105 |a a z 001zy 
200 1 |a Коксование термических подготовленных углей  |f Б. Н. Житов, Г. Н. Макаров, К. И. Сысков 
210 |a Москва  |c Металлургия  |d 1971 
215 |a 271 с.  |c ил. 
320 |a Библиогр.: с. 263-270 
606 |a Бурый уголь  |x Коксование  |2 stltpush  |3 (RuTPU)RU\TPU\subj\33184  |9 55494 
610 1 |a спекание 
610 1 |a исследования 
610 1 |a аппаратура 
610 1 |a термическая подготовка 
610 1 |a свойства 
610 1 |a нагрев 
610 1 |a качество 
675 |a 662.73  |v 4 
700 1 |a Житов  |b Б. Н.  |g Борис Николаевич 
701 1 |a Макаров  |b Г. Н.  |g Глеб Николаевич 
701 1 |a Сысков  |b К. И.  |g Константин Иванович 
801 1 |a RU  |b 63413507  |c 20170427 
801 2 |a RU  |b 63413507  |c 20170427  |g RCR 
942 |c BK